| 000 | 01552nam a22002297a 4500 | ||
|---|---|---|---|
| 999 |
_c58078 _d58078 |
||
| 003 | Ge_BSU | ||
| 005 | 20220729134905.0 | ||
| 008 | 210609s2021 ge ||||| |||| 00| 0 geo d | ||
| 041 | _ageo | ||
| 080 | _a81 თ-86 | ||
| 100 |
_aთურმანიძე, თეონა _911994 |
||
| 245 |
_aუთარგმნელი ლექსიკა ინგლისურ,რუსულ და ქართულ მედიატექსტებში / _cთეონა თურმანიძე; სამეცნიერო ხელმძღვანელი მ. ახვლედიანი; ბათუმის შოთა რუსთაველის სახელმწიფო უნივერსიტეტი. ჰუმანიტარულ მეცნიერებათა ფაკულტეტი. |
||
| 264 |
_aბათუმი, _c2021. |
||
| 300 |
_a124 გვ. _b30 ცმ. |
||
| 504 | _aბიბლიოგრ. გვ. 118-124 | ||
| 653 | _aლინგვისტიკა | ||
| 653 | _aთარგმანცოდნეობა | ||
| 653 | _aდისერტაცია | ||
| 700 |
_aახვლედიანი, მ. _eსამეცნიერო ხელმძღვანელი _911995 |
||
| 710 |
_aბათუმის შოთა რუსთაველის სახელმწიფო უნივერსიტეტი. _bჰუმანიტარულ მეცნიერებათა ფაკულტეტი. _911996 |
||
| 942 |
_2udc _cDS |
||